000 01257cam a22003377a 4500
003 CHAP
005 20220329133338.0
008 971013s1990 r 00010 d
010 _a5210
011 _a6182
035 _a5402
040 _cCHAP
090 _aFolleto 13825
100 0 0 _aSosa, Romeo.
_9108830
245 1 4 _aLas opciones de crédito para los productores de café en
_b: Michapa, Huatusco, Naranjos, Totutla y Puentecilla, Zentla, Veracruz
260 _aHuatusco, Ver. :
_bUACH. Centro Regional Universitario Oriente,
_c1990
300 _a17 h.
590 _aBATCH-UPD
_b10
_c20130110
_lUCH01
_h0028
590 _aBATCH-UPD
_b10
_c20130110
_lUCH01
_h2031
590 _aBATCH-UPD
_b10
_c20130409
_lUCH01
_h2010
590 _aBATCH-UPD
_b10
_c20130410
_lUCH01
_h1348
590 _aBATCH-UPD
_b10
_c20130914
_lUCH01
_h0808
590 _aCONVERSION
_b10
_c20130109
_lUCH01
_h1304
650 1 4 _aCafeticultores.
_917080
650 1 4 _aCrédito agrícola
_xVeracruz.
_929084
700 0 _aHernández S. Ildefonso P.
_954586
711 0 _aCurso Teórico Práctico Cafeticultura : Producción, Beneficio y Comercialización
_d(1990 :
_cChapingo, Méx.)
_930696
901 _aBK
942 _cFOLL
949 _aFolleto 13825
_bBC
_cUACH
_d-14976
_eUACH
_i5402
_mD
_si
999 _c5210
_d5210